| 000 | 00863nam a2200265 i 4500 | ||
|---|---|---|---|
| 001 | 179873 | ||
| 003 | ES-MaACL | ||
| 005 | 20250731063047.0 | ||
| 008 | 120215s2011 sp |||| | spa d | ||
| 020 | _a978-84-8383-296-7 | ||
| 080 | _a821.521-31"19" | ||
| 100 | 1 |
_aMurakami, Haruki, _d1949- _9241444 |
|
| 245 | 1 | 0 |
_a1Q84. _nLibros 1 y 2 / _cHaruki Murakami ; traducción del japonés de Gabriel Álvarez Martínez. |
| 250 | _a1ª ed. | ||
| 260 |
_aBarcelona : _bTusquets, _c2011. |
||
| 300 |
_a737 p. ; _c23 cm. |
||
| 490 | 1 |
_aAndanzas ; _v747/1 |
|
| 700 | 1 |
_aÁlvarez Martínez, Gabriel. _9149378 |
|
| 830 | 0 | 0 |
_aColección Andanzas _v747/1 _9234359 |
| 852 |
_aES-MaACL _9186774 _bR.146884 _jA-11973 _dOlim: N-4978 _cDEPO1 |
||
| 942 |
_2udc _cMONOGRAFIA |
||
| 999 |
_c179873 _d179873 |
||